Internal combustion engines (Record no. 24482)

000 -LEADER
fixed length control field 00576nam a22002051 4500
001 - CONTROL NUMBER
control field 24482
003 - CONTROL NUMBER IDENTIFIER
control field BD-DhUET
008 - FIXED-LENGTH DATA ELEMENTS--GENERAL INFORMATION
fixed length control field 681231s1968 paua b 001 0 eng
040 ## - CATALOGING SOURCE
Original cataloging agency DLC
Transcribing agency DLC
Modifying agency BD-DhUET
082 00 - DEWEY DECIMAL CLASSIFICATION NUMBER
Classification number 621.43
Item number OBE/1968
100 ## - MAIN ENTRY--PERSONAL NAME
Personal name Obert, Edward F.
245 10 - TITLE STATEMENT
Title Internal combustion engines
250 ## - EDITION STATEMENT
Edition statement 3rd ed.
260 ## - PUBLICATION, DISTRIBUTION, ETC. (IMPRINT)
Place of publication, distribution, etc. Scranton
Name of publisher, distributor, etc. International Textbook
Date of publication, distribution, etc. 1968
300 ## - PHYSICAL DESCRIPTION
Extent xiii, 736p.
Other physical details illus
490 0# - SERIES STATEMENT
Series statement International textbooks in mechanical engineering
504 ## - BIBLIOGRAPHY, ETC. NOTE
Bibliography, etc Includes bibliographies
650 #0 - SUBJECT ADDED ENTRY--TOPICAL TERM
Topical term or geographic name as entry element Internal combustion engines
942 ## - ADDED ENTRY ELEMENTS (KOHA)
Koha item type General Book
Holdings
Location (home branch) Sublocation or collection (holding branch) Damaged status Withdrawn status Koha issues (times borrowed) Koha date last seen Koha full call number Koha item type Date acquired Copy number Koha date last borrowed Source of classification or shelving scheme Not for loan Lost status Price effective from Piece designation (barcode) Shelving location Koha normalized classification for sorting
Central Library, BUETCentral Library, BUET  22019-11-18621.43/OBE/1968General Book2015-05-0912019-09-28   2015-05-0919063Circulation section621_430000000000000_OBE_1968
Central Library, BUETCentral Library, BUET   2015-06-16621.43/OBE/1968General Book2015-06-162    2015-06-1632007Reading section621_430000000000000_OBE_1968
Central Library, BUETCentral Library, BUET   2015-06-16621.43/OBE/1968Reading Item2015-06-163    2015-06-1640437Reading section621_430000000000000_OBE_1968
Central Library, BUETCentral Library, BUET   2015-06-23621.43/OBE/1968Reading Item2015-06-234    2015-06-2319060Reading section621_430000000000000_OBE_1968
Central Library, BUETCentral Library, BUET   2015-07-03621.43/OBE/1968Reading Item2015-07-035    2015-07-0332117Reading section621_430000000000000_OBE_1968